1253 1137 1482 1690 1862 1481 1312 1981 1504 1270 1205 1114 1373 1204 1677 1767 1319 1909 1504 1537 1565 1665 1389 1839 1863 1724 1388 1319 1203 1938 1519 1810 1609 1639 1316 1478 1194 1759 1789 1477 1706 1719 1039 1856 1563 1123 1498 1920 1651 1220 1735 1848 1843 1513 1204 1283 1191 1004 1040 1474 1654 1685 1530 1259 1163 1147 1178 1827 1602 1652 1330 1716 1937 1753 1582 1581 1824 1387 1872 1534 1124 1933 1676 1323 1098 1083 1910 1950 1521 1824 1929 1338 1672 1105 1370 1577 1321 1798 1268 BCNSPRNW ULIB Ver.6.0+V

เปลี่ยนเป็นภาษาไทย

Change to English
 แสดงรายละเอียดบรรณานุกรม
  กลับหน้าหลัก

Brief Record : Get Marc (ISO 2709) : E-mail record : QR code < ปิดหน้าต่าง
LEADER : 00000nam 2200000uu 4500
001    13399122500
003     ULIB
008    111207s2550||||th 000 0 tha d
020    ^a9789748041575
090    ^aนว.^bL271ส
100 0  ^aLucky
245 00 ^aสงครามแห่งรัก/^cLucky
250    ^aพิมพ์ครั้งที่ 1
260    ^aกรุงเทพฯ :^bSugar Beat,^c2550
300    ^a381 หน้า
710 1  ^aSugar Beat
945    ^p240^l0^i19959
995    ^aทศพร
999 ^a ทศพร
รายการนี้ยังไม่มีแท็ก
คุณยังไม่ได้ล็อกอิน คุณสามารถมีกิจกรรมร่วมกับเว็บไซต์ได้ แต่ต้องล็อกอินก่อน ::
  ล็อกอิน

รายการสื่อสารสนเทศ

ลำดับที่ ประเภท เลขเรียก/บาร์โค้ด สถานที่ สถานะ
1. นวนิยาย
นวนิยาย
นว. L271ส ฉ.1 
  Barcode: 19959
ห้องสมุดวิทยาเขตสวรรค์ประชารักษ์
►นวนิยาย
บนชั้น
  ขอยืม

รายการใกล้เคียง
    ผู้แต่ง [Lucky]

BibComment


ยังไม่เคยถูกคอมเมนท์

คอมเมนท์ทรัพยากรรายการนี้
  คอมเมนท์: สงครามแห่งรัก Lu..


 Copyright 2026. Bcnsprnw @Library